Statistiche per Italia dei dialetti

Clicka qui per fare il quiz!

Statistiche generali

  • Questo quiz è stato fatto 194 volte
  • Il punteggio medio è 186 su 400

Statistiche sulle risposte

DomandaCasellaSelect% Corretto
Tutte 'e cristiane nascene libbere e euale pe degnetà e jusse; tenene cereviello e cuscienza e hann'a faticà ll'une cu ll'ate cu nu spireto 'e fraternetà.Corsica (Corso meriodionale)No
81%
Tutte 'e cristiane nascene libbere e euale pe degnetà e jusse; tenene cereviello e cuscienza e hann'a faticà ll'une cu ll'ate cu nu spireto 'e fraternetà.Lombardia (Milano)No
81%
Tutte 'e cristiane nascene libbere e euale pe degnetà e jusse; tenene cereviello e cuscienza e hann'a faticà ll'une cu ll'ate cu nu spireto 'e fraternetà.Piemonte (Torino)No
81%
Tutte 'e cristiane nascene libbere e euale pe degnetà e jusse; tenene cereviello e cuscienza e hann'a faticà ll'une cu ll'ate cu nu spireto 'e fraternetà.Trentino (Ladino)No
81%
Tutte 'e cristiane nascene libbere e euale pe degnetà e jusse; tenene cereviello e cuscienza e hann'a faticà ll'une cu ll'ate cu nu spireto 'e fraternetà.Croazia (Istria)No
80%
Tutte 'e cristiane nascene libbere e euale pe degnetà e jusse; tenene cereviello e cuscienza e hann'a faticà ll'une cu ll'ate cu nu spireto 'e fraternetà.Emilia-Romagna (Bologna)No
80%
Tutte 'e cristiane nascene libbere e euale pe degnetà e jusse; tenene cereviello e cuscienza e hann'a faticà ll'une cu ll'ate cu nu spireto 'e fraternetà.Liguria (Genova)No
80%
Ducj i oms a nassin libars e compagns sicu dignitât e derits. A àn sintiment e cussience e scugne che a si cjatin un cun chel altri sicu fradis.Liguria (Genova)No
80%
Ducj i oms a nassin libars e compagns sicu dignitât e derits. A àn sintiment e cussience e scugne che a si cjatin un cun chel altri sicu fradis.Puglia (Bari)No
80%
Tutte 'e cristiane nascene libbere e euale pe degnetà e jusse; tenene cereviello e cuscienza e hann'a faticà ll'une cu ll'ate cu nu spireto 'e fraternetà.Sardegna (Cagliari)No
80%
Tutte 'e cristiane nascene libbere e euale pe degnetà e jusse; tenene cereviello e cuscienza e hann'a faticà ll'une cu ll'ate cu nu spireto 'e fraternetà.Toscana (Firenze)No
80%
Ducj i oms a nassin libars e compagns sicu dignitât e derits. A àn sintiment e cussience e scugne che a si cjatin un cun chel altri sicu fradis.Umbria (Perugia)No
80%
Tutte 'e cristiane nascene libbere e euale pe degnetà e jusse; tenene cereviello e cuscienza e hann'a faticà ll'une cu ll'ate cu nu spireto 'e fraternetà.Umbria (Perugia)No
80%
Tutte 'e cristiane nascene libbere e euale pe degnetà e jusse; tenene cereviello e cuscienza e hann'a faticà ll'une cu ll'ate cu nu spireto 'e fraternetà.Valle D'Aosta (Francoprovenzale)No
80%
Tutte 'e cristiane nascene libbere e euale pe degnetà e jusse; tenene cereviello e cuscienza e hann'a faticà ll'une cu ll'ate cu nu spireto 'e fraternetà.Veneto (Padova)No
80%
Ducj i oms a nassin libars e compagns sicu dignitât e derits. A àn sintiment e cussience e scugne che a si cjatin un cun chel altri sicu fradis.Lazio (Roma)No
79%
Tutte 'e cristiane nascene libbere e euale pe degnetà e jusse; tenene cereviello e cuscienza e hann'a faticà ll'une cu ll'ate cu nu spireto 'e fraternetà.Lazio (Roma)No
79%
Ducj i oms a nassin libars e compagns sicu dignitât e derits. A àn sintiment e cussience e scugne che a si cjatin un cun chel altri sicu fradis.Toscana (Firenze)No
79%
Ducj i oms a nassin libars e compagns sicu dignitât e derits. A àn sintiment e cussience e scugne che a si cjatin un cun chel altri sicu fradis.Veneto (Padova)No
79%
Tutte 'e cristiane nascene libbere e euale pe degnetà e jusse; tenene cereviello e cuscienza e hann'a faticà ll'une cu ll'ate cu nu spireto 'e fraternetà.Friuli (Friulano)No
78%
Ducj i oms a nassin libars e compagns sicu dignitât e derits. A àn sintiment e cussience e scugne che a si cjatin un cun chel altri sicu fradis.Lombardia (Milano)No
78%
Ducj i oms a nassin libars e compagns sicu dignitât e derits. A àn sintiment e cussience e scugne che a si cjatin un cun chel altri sicu fradis.Piemonte (Torino)No
78%
Ducj i oms a nassin libars e compagns sicu dignitât e derits. A àn sintiment e cussience e scugne che a si cjatin un cun chel altri sicu fradis.Campania (Napoli)No
77%
Ducj i oms a nassin libars e compagns sicu dignitât e derits. A àn sintiment e cussience e scugne che a si cjatin un cun chel altri sicu fradis.Croazia (Istria)No
77%
Tótt i èser umàn i nâsen lébber e prezîṡ in dgnitè e dirétt. I an la raṡån e la cusiänza e i s an da cunpurtèr ón con cl èter cunpâgna di bón fradî.Puglia (Bari)No
77%
Tutte 'e cristiane nascene libbere e euale pe degnetà e jusse; tenene cereviello e cuscienza e hann'a faticà ll'une cu ll'ate cu nu spireto 'e fraternetà.Puglia (Bari)No
77%
Tótt i èser umàn i nâsen lébber e prezîṡ in dgnitè e dirétt. I an la raṡån e la cusiänza e i s an da cunpurtèr ón con cl èter cunpâgna di bón fradî.Sardegna (Cagliari)No
77%
Ducj i oms a nassin libars e compagns sicu dignitât e derits. A àn sintiment e cussience e scugne che a si cjatin un cun chel altri sicu fradis.Sicilia (Palermo)No
77%
Tótt i èser umàn i nâsen lébber e prezîṡ in dgnitè e dirétt. I an la raṡån e la cusiänza e i s an da cunpurtèr ón con cl èter cunpâgna di bón fradî.Toscana (Firenze)No
77%
Tutte 'e cristiane nascene libbere e euale pe degnetà e jusse; tenene cereviello e cuscienza e hann'a faticà ll'une cu ll'ate cu nu spireto 'e fraternetà.Basilicata (Potenza)No
76%
Tótt i èser umàn i nâsen lébber e prezîṡ in dgnitè e dirétt. I an la raṡån e la cusiänza e i s an da cunpurtèr ón con cl èter cunpâgna di bón fradî.Lazio (Roma)No
76%
Tótt i èser umàn i nâsen lébber e prezîṡ in dgnitè e dirétt. I an la raṡån e la cusiänza e i s an da cunpurtèr ón con cl èter cunpâgna di bón fradî.Sicilia (Palermo)No
76%
Tótt i èser umàn i nâsen lébber e prezîṡ in dgnitè e dirétt. I an la raṡån e la cusiänza e i s an da cunpurtèr ón con cl èter cunpâgna di bón fradî.Umbria (Perugia)No
76%
Tótt i èser umàn i nâsen lébber e prezîṡ in dgnitè e dirétt. I an la raṡån e la cusiänza e i s an da cunpurtèr ón con cl èter cunpâgna di bón fradî.Calabria (Catanzaro)No
75%
Tótt i èser umàn i nâsen lébber e prezîṡ in dgnitè e dirétt. I an la raṡån e la cusiänza e i s an da cunpurtèr ón con cl èter cunpâgna di bón fradî.Campania (Napoli)No
75%
Ducj i oms a nassin libars e compagns sicu dignitât e derits. A àn sintiment e cussience e scugne che a si cjatin un cun chel altri sicu fradis.Trentino (Ladino)No
75%
Tutte 'e cristiane nascene libbere e euale pe degnetà e jusse; tenene cereviello e cuscienza e hann'a faticà ll'une cu ll'ate cu nu spireto 'e fraternetà.Abruzzo (Pescara)No
74%
Ducj i oms a nassin libars e compagns sicu dignitât e derits. A àn sintiment e cussience e scugne che a si cjatin un cun chel altri sicu fradis.Abruzzo (Pescara)No
74%
Ducj i oms a nassin libars e compagns sicu dignitât e derits. A àn sintiment e cussience e scugne che a si cjatin un cun chel altri sicu fradis.Basilicata (Potenza)No
74%
Ducj i oms a nassin libars e compagns sicu dignitât e derits. A àn sintiment e cussience e scugne che a si cjatin un cun chel altri sicu fradis.Sardegna (Cagliari)No
74%
Tótt i èser umàn i nâsen lébber e prezîṡ in dgnitè e dirétt. I an la raṡån e la cusiänza e i s an da cunpurtèr ón con cl èter cunpâgna di bón fradî.Abruzzo (Pescara)No
73%
Tótt i èser umàn i nâsen lébber e prezîṡ in dgnitè e dirétt. I an la raṡån e la cusiänza e i s an da cunpurtèr ón con cl èter cunpâgna di bón fradî.Basilicata (Potenza)No
73%
Tutte 'e cristiane nascene libbere e euale pe degnetà e jusse; tenene cereviello e cuscienza e hann'a faticà ll'une cu ll'ate cu nu spireto 'e fraternetà.Sicilia (Palermo)No
73%
Ducj i oms a nassin libars e compagns sicu dignitât e derits. A àn sintiment e cussience e scugne che a si cjatin un cun chel altri sicu fradis.Calabria (Catanzaro)No
72%
Tótt i èser umàn i nâsen lébber e prezîṡ in dgnitè e dirétt. I an la raṡån e la cusiänza e i s an da cunpurtèr ón con cl èter cunpâgna di bón fradî.Liguria (Genova)No
72%
Tótt i èser umàn i nâsen lébber e prezîṡ in dgnitè e dirétt. I an la raṡån e la cusiänza e i s an da cunpurtèr ón con cl èter cunpâgna di bón fradî.Lombardia (Milano)No
72%
Tutte 'e cristiane nascene libbere e euale pe degnetà e jusse; tenene cereviello e cuscienza e hann'a faticà ll'une cu ll'ate cu nu spireto 'e fraternetà.Calabria (Catanzaro)No
71%
Ducj i oms a nassin libars e compagns sicu dignitât e derits. A àn sintiment e cussience e scugne che a si cjatin un cun chel altri sicu fradis.Corsica (Corso meriodionale)No
71%
Tótt i èser umàn i nâsen lébber e prezîṡ in dgnitè e dirétt. I an la raṡån e la cusiänza e i s an da cunpurtèr ón con cl èter cunpâgna di bón fradî.Veneto (Padova)No
71%
Tótt i èser umàn i nâsen lébber e prezîṡ in dgnitè e dirétt. I an la raṡån e la cusiänza e i s an da cunpurtèr ón con cl èter cunpâgna di bón fradî.Trentino (Ladino)No
70%
Tótt i èser umàn i nâsen lébber e prezîṡ in dgnitè e dirétt. I an la raṡån e la cusiänza e i s an da cunpurtèr ón con cl èter cunpâgna di bón fradî.Valle D'Aosta (Francoprovenzale)No
70%
Tótt i èser umàn i nâsen lébber e prezîṡ in dgnitè e dirétt. I an la raṡån e la cusiänza e i s an da cunpurtèr ón con cl èter cunpâgna di bón fradî.Croazia (Istria)No
69%
Tutt'e crâture umane nàscheno lìbbere e uguali 'n dignità e diritti. Capaci come so' de raggione e de coscenza, hanno da comportasse l'une coll'antre 'n spìrito de fratellanza.Croazia (Istria)No
69%
Tutt'e crâture umane nàscheno lìbbere e uguali 'n dignità e diritti. Capaci come so' de raggione e de coscenza, hanno da comportasse l'une coll'antre 'n spìrito de fratellanza.Emilia-Romagna (Bologna)No
69%
Tótt i èser umàn i nâsen lébber e prezîṡ in dgnitè e dirétt. I an la raṡån e la cusiänza e i s an da cunpurtèr ón con cl èter cunpâgna di bón fradî.Friuli (Friulano)No
69%
Tutt'e crâture umane nàscheno lìbbere e uguali 'n dignità e diritti. Capaci come so' de raggione e de coscenza, hanno da comportasse l'une coll'antre 'n spìrito de fratellanza.Liguria (Genova)No
69%
Tutt'e crâture umane nàscheno lìbbere e uguali 'n dignità e diritti. Capaci come so' de raggione e de coscenza, hanno da comportasse l'une coll'antre 'n spìrito de fratellanza.Sardegna (Cagliari)No
69%
Tutt'e crâture umane nàscheno lìbbere e uguali 'n dignità e diritti. Capaci come so' de raggione e de coscenza, hanno da comportasse l'une coll'antre 'n spìrito de fratellanza.Trentino (Ladino)No
69%
Tutt'e crâture umane nàscheno lìbbere e uguali 'n dignità e diritti. Capaci come so' de raggione e de coscenza, hanno da comportasse l'une coll'antre 'n spìrito de fratellanza.Veneto (Padova)No
69%
Tutt'e crâture umane nàscheno lìbbere e uguali 'n dignità e diritti. Capaci come so' de raggione e de coscenza, hanno da comportasse l'une coll'antre 'n spìrito de fratellanza.Corsica (Corso meriodionale)No
68%
Tutt'e crâture umane nàscheno lìbbere e uguali 'n dignità e diritti. Capaci come so' de raggione e de coscenza, hanno da comportasse l'une coll'antre 'n spìrito de fratellanza.Friuli (Friulano)No
68%
Tutt'e crâture umane nàscheno lìbbere e uguali 'n dignità e diritti. Capaci come so' de raggione e de coscenza, hanno da comportasse l'une coll'antre 'n spìrito de fratellanza.Lombardia (Milano)No
68%
Tutt'e crâture umane nàscheno lìbbere e uguali 'n dignità e diritti. Capaci come so' de raggione e de coscenza, hanno da comportasse l'une coll'antre 'n spìrito de fratellanza.Piemonte (Torino)No
68%
Tutt'e crâture umane nàscheno lìbbere e uguali 'n dignità e diritti. Capaci come so' de raggione e de coscenza, hanno da comportasse l'une coll'antre 'n spìrito de fratellanza.Valle D'Aosta (Francoprovenzale)No
68%
Ducj i oms a nassin libars e compagns sicu dignitât e derits. A àn sintiment e cussience e scugne che a si cjatin un cun chel altri sicu fradis.Friuli (Friulano)No
66%
Tótt i èser umàn i nâsen lébber e prezîṡ in dgnitè e dirétt. I an la raṡån e la cusiänza e i s an da cunpurtèr ón con cl èter cunpâgna di bón fradî.Piemonte (Torino)No
66%
Tutt'e crâture umane nàscheno lìbbere e uguali 'n dignità e diritti. Capaci come so' de raggione e de coscenza, hanno da comportasse l'une coll'antre 'n spìrito de fratellanza.Puglia (Bari)No
66%
Tutt'e crâture umane nàscheno lìbbere e uguali 'n dignità e diritti. Capaci come so' de raggione e de coscenza, hanno da comportasse l'une coll'antre 'n spìrito de fratellanza.Toscana (Firenze)No
66%
Ducj i oms a nassin libars e compagns sicu dignitât e derits. A àn sintiment e cussience e scugne che a si cjatin un cun chel altri sicu fradis.Valle D'Aosta (Francoprovenzale)No
66%
Tótt i èser umàn i nâsen lébber e prezîṡ in dgnitè e dirétt. I an la raṡån e la cusiänza e i s an da cunpurtèr ón con cl èter cunpâgna di bón fradî.Emilia-Romagna (Bologna)No
65%
Tutt'e crâture umane nàscheno lìbbere e uguali 'n dignità e diritti. Capaci come so' de raggione e de coscenza, hanno da comportasse l'une coll'antre 'n spìrito de fratellanza.Umbria (Perugia)No
65%
Tutt'e crâture umane nàscheno lìbbere e uguali 'n dignità e diritti. Capaci come so' de raggione e de coscenza, hanno da comportasse l'une coll'antre 'n spìrito de fratellanza.Abruzzo (Pescara)No
64%
Tutt'e crâture umane nàscheno lìbbere e uguali 'n dignità e diritti. Capaci come so' de raggione e de coscenza, hanno da comportasse l'une coll'antre 'n spìrito de fratellanza.Basilicata (Potenza)No
64%
Tutt'e crâture umane nàscheno lìbbere e uguali 'n dignità e diritti. Capaci come so' de raggione e de coscenza, hanno da comportasse l'une coll'antre 'n spìrito de fratellanza.Calabria (Catanzaro)No
64%
Totu sos èsseres umanos naschint lìberos e eguales in dinnidade e in deretos. Issos tenent sa resone e sa cussèntzia e depent operare s'unu cun s'àteru cun ispìritu de fraternidade.Basilicata (Potenza)No
61%
Totu sos èsseres umanos naschint lìberos e eguales in dinnidade e in deretos. Issos tenent sa resone e sa cussèntzia e depent operare s'unu cun s'àteru cun ispìritu de fraternidade.Campania (Napoli)No
61%
Totu sos èsseres umanos naschint lìberos e eguales in dinnidade e in deretos. Issos tenent sa resone e sa cussèntzia e depent operare s'unu cun s'àteru cun ispìritu de fraternidade.Emilia-Romagna (Bologna)No
61%
Totu sos èsseres umanos naschint lìberos e eguales in dinnidade e in deretos. Issos tenent sa resone e sa cussèntzia e depent operare s'unu cun s'àteru cun ispìritu de fraternidade.Friuli (Friulano)No
61%
Totu sos èsseres umanos naschint lìberos e eguales in dinnidade e in deretos. Issos tenent sa resone e sa cussèntzia e depent operare s'unu cun s'àteru cun ispìritu de fraternidade.Lazio (Roma)No
61%
Totu sos èsseres umanos naschint lìberos e eguales in dinnidade e in deretos. Issos tenent sa resone e sa cussèntzia e depent operare s'unu cun s'àteru cun ispìritu de fraternidade.Puglia (Bari)No
61%
Totu sos èsseres umanos naschint lìberos e eguales in dinnidade e in deretos. Issos tenent sa resone e sa cussèntzia e depent operare s'unu cun s'àteru cun ispìritu de fraternidade.Toscana (Firenze)No
61%
Totu sos èsseres umanos naschint lìberos e eguales in dinnidade e in deretos. Issos tenent sa resone e sa cussèntzia e depent operare s'unu cun s'àteru cun ispìritu de fraternidade.Abruzzo (Pescara)No
60%
Totu sos èsseres umanos naschint lìberos e eguales in dinnidade e in deretos. Issos tenent sa resone e sa cussèntzia e depent operare s'unu cun s'àteru cun ispìritu de fraternidade.Calabria (Catanzaro)No
60%
Dòuti i omi naso lèibari e cunpagni in dignità e diriti. Luri i uò la razon e la cusiensa e i uò da cunpurtase òun invierso l'altro cun spèirito da fradelansa.Campania (Napoli)No
60%
Tutt'e crâture umane nàscheno lìbbere e uguali 'n dignità e diritti. Capaci come so' de raggione e de coscenza, hanno da comportasse l'une coll'antre 'n spìrito de fratellanza.Campania (Napoli)No
60%
Dòuti i omi naso lèibari e cunpagni in dignità e diriti. Luri i uò la razon e la cusiensa e i uò da cunpurtase òun invierso l'altro cun spèirito da fradelansa.Lazio (Roma)No
60%
Totu sos èsseres umanos naschint lìberos e eguales in dinnidade e in deretos. Issos tenent sa resone e sa cussèntzia e depent operare s'unu cun s'àteru cun ispìritu de fraternidade.Lombardia (Milano)No
60%
Totu sos èsseres umanos naschint lìberos e eguales in dinnidade e in deretos. Issos tenent sa resone e sa cussèntzia e depent operare s'unu cun s'àteru cun ispìritu de fraternidade.Sicilia (Palermo)No
60%
Tutt'e crâture umane nàscheno lìbbere e uguali 'n dignità e diritti. Capaci come so' de raggione e de coscenza, hanno da comportasse l'une coll'antre 'n spìrito de fratellanza.Sicilia (Palermo)No
60%
Dòuti i omi naso lèibari e cunpagni in dignità e diriti. Luri i uò la razon e la cusiensa e i uò da cunpurtase òun invierso l'altro cun spèirito da fradelansa.Toscana (Firenze)No
60%
Totu sos èsseres umanos naschint lìberos e eguales in dinnidade e in deretos. Issos tenent sa resone e sa cussèntzia e depent operare s'unu cun s'àteru cun ispìritu de fraternidade.Umbria (Perugia)No
60%
Totu sos èsseres umanos naschint lìberos e eguales in dinnidade e in deretos. Issos tenent sa resone e sa cussèntzia e depent operare s'unu cun s'àteru cun ispìritu de fraternidade.Veneto (Padova)No
60%
Dòuti i omi naso lèibari e cunpagni in dignità e diriti. Luri i uò la razon e la cusiensa e i uò da cunpurtase òun invierso l'altro cun spèirito da fradelansa.Corsica (Corso meriodionale)No
59%
Dòuti i omi naso lèibari e cunpagni in dignità e diriti. Luri i uò la razon e la cusiensa e i uò da cunpurtase òun invierso l'altro cun spèirito da fradelansa.Emilia-Romagna (Bologna)No
59%
Dòuti i omi naso lèibari e cunpagni in dignità e diriti. Luri i uò la razon e la cusiensa e i uò da cunpurtase òun invierso l'altro cun spèirito da fradelansa.Puglia (Bari)No
59%
Dòuti i omi naso lèibari e cunpagni in dignità e diriti. Luri i uò la razon e la cusiensa e i uò da cunpurtase òun invierso l'altro cun spèirito da fradelansa.Umbria (Perugia)No
59%
Dòuti i omi naso lèibari e cunpagni in dignità e diriti. Luri i uò la razon e la cusiensa e i uò da cunpurtase òun invierso l'altro cun spèirito da fradelansa.Basilicata (Potenza)No
58%
Totu sos èsseres umanos naschint lìberos e eguales in dinnidade e in deretos. Issos tenent sa resone e sa cussèntzia e depent operare s'unu cun s'àteru cun ispìritu de fraternidade.Piemonte (Torino)No
58%
Dòuti i omi naso lèibari e cunpagni in dignità e diriti. Luri i uò la razon e la cusiensa e i uò da cunpurtase òun invierso l'altro cun spèirito da fradelansa.Calabria (Catanzaro)No
57%
Dòuti i omi naso lèibari e cunpagni in dignità e diriti. Luri i uò la razon e la cusiensa e i uò da cunpurtase òun invierso l'altro cun spèirito da fradelansa.Croazia (Istria)No
57%
Totu sos èsseres umanos naschint lìberos e eguales in dinnidade e in deretos. Issos tenent sa resone e sa cussèntzia e depent operare s'unu cun s'àteru cun ispìritu de fraternidade.Croazia (Istria)No
57%
Totu sos èsseres umanos naschint lìberos e eguales in dinnidade e in deretos. Issos tenent sa resone e sa cussèntzia e depent operare s'unu cun s'àteru cun ispìritu de fraternidade.Liguria (Genova)No
57%
Dòuti i omi naso lèibari e cunpagni in dignità e diriti. Luri i uò la razon e la cusiensa e i uò da cunpurtase òun invierso l'altro cun spèirito da fradelansa.Sardegna (Cagliari)No
57%
Dòuti i omi naso lèibari e cunpagni in dignità e diriti. Luri i uò la razon e la cusiensa e i uò da cunpurtase òun invierso l'altro cun spèirito da fradelansa.Sicilia (Palermo)No
57%
Dòuti i omi naso lèibari e cunpagni in dignità e diriti. Luri i uò la razon e la cusiensa e i uò da cunpurtase òun invierso l'altro cun spèirito da fradelansa.Trentino (Ladino)No
57%
Dòuti i omi naso lèibari e cunpagni in dignità e diriti. Luri i uò la razon e la cusiensa e i uò da cunpurtase òun invierso l'altro cun spèirito da fradelansa.Valle D'Aosta (Francoprovenzale)No
57%
Dòuti i omi naso lèibari e cunpagni in dignità e diriti. Luri i uò la razon e la cusiensa e i uò da cunpurtase òun invierso l'altro cun spèirito da fradelansa.Liguria (Genova)No
56%
Dòuti i omi naso lèibari e cunpagni in dignità e diriti. Luri i uò la razon e la cusiensa e i uò da cunpurtase òun invierso l'altro cun spèirito da fradelansa.Abruzzo (Pescara)No
55%
Tucc i òmm nàssen liber e tucc istess per dignitaa e diritt. Gh'hann giudizi e coscienza e gh'hann de tratass 'me fradej.Corsica (Corso meriodionale)No
55%
Tucc i òmm nàssen liber e tucc istess per dignitaa e diritt. Gh'hann giudizi e coscienza e gh'hann de tratass 'me fradej.Croazia (Istria)No
55%
Tucc i òmm nàssen liber e tucc istess per dignitaa e diritt. Gh'hann giudizi e coscienza e gh'hann de tratass 'me fradej.Lazio (Roma)No
55%
Dòuti i omi naso lèibari e cunpagni in dignità e diriti. Luri i uò la razon e la cusiensa e i uò da cunpurtase òun invierso l'altro cun spèirito da fradelansa.Piemonte (Torino)No
55%
Tucc i òmm nàssen liber e tucc istess per dignitaa e diritt. Gh'hann giudizi e coscienza e gh'hann de tratass 'me fradej.Sardegna (Cagliari)No
55%
Totu sos èsseres umanos naschint lìberos e eguales in dinnidade e in deretos. Issos tenent sa resone e sa cussèntzia e depent operare s'unu cun s'àteru cun ispìritu de fraternidade.Trentino (Ladino)No
55%
Tucc i òmm nàssen liber e tucc istess per dignitaa e diritt. Gh'hann giudizi e coscienza e gh'hann de tratass 'me fradej.Piemonte (Torino)No
54%
Tucc i òmm nàssen liber e tucc istess per dignitaa e diritt. Gh'hann giudizi e coscienza e gh'hann de tratass 'me fradej.Toscana (Firenze)No
54%
Tucc i òmm nàssen liber e tucc istess per dignitaa e diritt. Gh'hann giudizi e coscienza e gh'hann de tratass 'me fradej.Valle D'Aosta (Francoprovenzale)No
54%
Totu sos èsseres umanos naschint lìberos e eguales in dinnidade e in deretos. Issos tenent sa resone e sa cussèntzia e depent operare s'unu cun s'àteru cun ispìritu de fraternidade.Corsica (Corso meriodionale)No
53%
Tucc i òmm nàssen liber e tucc istess per dignitaa e diritt. Gh'hann giudizi e coscienza e gh'hann de tratass 'me fradej.Liguria (Genova)No
53%
Dòuti i omi naso lèibari e cunpagni in dignità e diriti. Luri i uò la razon e la cusiensa e i uò da cunpurtase òun invierso l'altro cun spèirito da fradelansa.Lombardia (Milano)No
53%
Tucc i òmm nàssen liber e tucc istess per dignitaa e diritt. Gh'hann giudizi e coscienza e gh'hann de tratass 'me fradej.Sicilia (Palermo)No
53%
Tucc i òmm nàssen liber e tucc istess per dignitaa e diritt. Gh'hann giudizi e coscienza e gh'hann de tratass 'me fradej.Trentino (Ladino)No
53%
Totu sos èsseres umanos naschint lìberos e eguales in dinnidade e in deretos. Issos tenent sa resone e sa cussèntzia e depent operare s'unu cun s'àteru cun ispìritu de fraternidade.Valle D'Aosta (Francoprovenzale)No
53%
Tucc i òmm nàssen liber e tucc istess per dignitaa e diritt. Gh'hann giudizi e coscienza e gh'hann de tratass 'me fradej.Basilicata (Potenza)No
52%
Tucc i òmm nàssen liber e tucc istess per dignitaa e diritt. Gh'hann giudizi e coscienza e gh'hann de tratass 'me fradej.Calabria (Catanzaro)No
52%
Tucc i òmm nàssen liber e tucc istess per dignitaa e diritt. Gh'hann giudizi e coscienza e gh'hann de tratass 'me fradej.Emilia-Romagna (Bologna)No
52%
Tucc i òmm nàssen liber e tucc istess per dignitaa e diritt. Gh'hann giudizi e coscienza e gh'hann de tratass 'me fradej.Puglia (Bari)No
52%
Tytti i ommi nàscian libberi e pægi in dignitæ e drîti. Sun dutæ de raxun e de cunscensa e dêvan agî i-yn versu i-âtri inte'n spirritu de fraternitæ.Toscana (Firenze)No
52%
Tytti i ommi nàscian libberi e pægi in dignitæ e drîti. Sun dutæ de raxun e de cunscensa e dêvan agî i-yn versu i-âtri inte'n spirritu de fraternitæ.Umbria (Perugia)No
52%
Tucc i òmm nàssen liber e tucc istess per dignitaa e diritt. Gh'hann giudizi e coscienza e gh'hann de tratass 'me fradej.Umbria (Perugia)No
52%
Tytti i ommi nàscian libberi e pægi in dignitæ e drîti. Sun dutæ de raxun e de cunscensa e dêvan agî i-yn versu i-âtri inte'n spirritu de fraternitæ.Basilicata (Potenza)No
51%
Tytti i ommi nàscian libberi e pægi in dignitæ e drîti. Sun dutæ de raxun e de cunscensa e dêvan agî i-yn versu i-âtri inte'n spirritu de fraternitæ.Calabria (Catanzaro)No
51%
Tytti i ommi nàscian libberi e pægi in dignitæ e drîti. Sun dutæ de raxun e de cunscensa e dêvan agî i-yn versu i-âtri inte'n spirritu de fraternitæ.Campania (Napoli)No
51%
Tytti i ommi nàscian libberi e pægi in dignitæ e drîti. Sun dutæ de raxun e de cunscensa e dêvan agî i-yn versu i-âtri inte'n spirritu de fraternitæ.Emilia-Romagna (Bologna)No
51%
Tytti i ommi nàscian libberi e pægi in dignitæ e drîti. Sun dutæ de raxun e de cunscensa e dêvan agî i-yn versu i-âtri inte'n spirritu de fraternitæ.Lazio (Roma)No
51%
Tytti i ommi nàscian libberi e pægi in dignitæ e drîti. Sun dutæ de raxun e de cunscensa e dêvan agî i-yn versu i-âtri inte'n spirritu de fraternitæ.Sicilia (Palermo)No
51%
Tytti i ommi nàscian libberi e pægi in dignitæ e drîti. Sun dutæ de raxun e de cunscensa e dêvan agî i-yn versu i-âtri inte'n spirritu de fraternitæ.Abruzzo (Pescara)No
50%
Tucc i òmm nàssen liber e tucc istess per dignitaa e diritt. Gh'hann giudizi e coscienza e gh'hann de tratass 'me fradej.Friuli (Friulano)No
50%
Tytti i ommi nàscian libberi e pægi in dignitæ e drîti. Sun dutæ de raxun e de cunscensa e dêvan agî i-yn versu i-âtri inte'n spirritu de fraternitæ.Sardegna (Cagliari)No
50%
Tucc i òmm nàssen liber e tucc istess per dignitaa e diritt. Gh'hann giudizi e coscienza e gh'hann de tratass 'me fradej.Abruzzo (Pescara)No
49%
Tucc i òmm nàssen liber e tucc istess per dignitaa e diritt. Gh'hann giudizi e coscienza e gh'hann de tratass 'me fradej.Campania (Napoli)No
49%
Tytti i ommi nàscian libberi e pægi in dignitæ e drîti. Sun dutæ de raxun e de cunscensa e dêvan agî i-yn versu i-âtri inte'n spirritu de fraternitæ.Friuli (Friulano)No
49%
Tytti i ommi nàscian libberi e pægi in dignitæ e drîti. Sun dutæ de raxun e de cunscensa e dêvan agî i-yn versu i-âtri inte'n spirritu de fraternitæ.Piemonte (Torino)No
49%
Tytti i ommi nàscian libberi e pægi in dignitæ e drîti. Sun dutæ de raxun e de cunscensa e dêvan agî i-yn versu i-âtri inte'n spirritu de fraternitæ.Puglia (Bari)No
49%
Tucc i òmm nàssen liber e tucc istess per dignitaa e diritt. Gh'hann giudizi e coscienza e gh'hann de tratass 'me fradej.Veneto (Padova)No
49%
Duta la jent é nasciuda ledia y à la medema dignité y i medemi derc. Ei à na ment y na coscienza y dess conviver coche fredesc.Calabria (Catanzaro)No
48%
Tytti i ommi nàscian libberi e pægi in dignitæ e drîti. Sun dutæ de raxun e de cunscensa e dêvan agî i-yn versu i-âtri inte'n spirritu de fraternitæ.Lombardia (Milano)No
48%
Tytti i ommi nàscian libberi e pægi in dignitæ e drîti. Sun dutæ de raxun e de cunscensa e dêvan agî i-yn versu i-âtri inte'n spirritu de fraternitæ.Veneto (Padova)No
48%
Duta la jent é nasciuda ledia y à la medema dignité y i medemi derc. Ei à na ment y na coscienza y dess conviver coche fredesc.Campania (Napoli)No
47%
Tytti i ommi nàscian libberi e pægi in dignitæ e drîti. Sun dutæ de raxun e de cunscensa e dêvan agî i-yn versu i-âtri inte'n spirritu de fraternitæ.Corsica (Corso meriodionale)No
47%
Duta la jent é nasciuda ledia y à la medema dignité y i medemi derc. Ei à na ment y na coscienza y dess conviver coche fredesc.Lazio (Roma)No
47%
Duta la jent é nasciuda ledia y à la medema dignité y i medemi derc. Ei à na ment y na coscienza y dess conviver coche fredesc.Lombardia (Milano)No
47%
Duta la jent é nasciuda ledia y à la medema dignité y i medemi derc. Ei à na ment y na coscienza y dess conviver coche fredesc.Piemonte (Torino)No
47%
Duta la jent é nasciuda ledia y à la medema dignité y i medemi derc. Ei à na ment y na coscienza y dess conviver coche fredesc.Toscana (Firenze)No
47%
Duta la jent é nasciuda ledia y à la medema dignité y i medemi derc. Ei à na ment y na coscienza y dess conviver coche fredesc.Umbria (Perugia)No
47%
Duta la jent é nasciuda ledia y à la medema dignité y i medemi derc. Ei à na ment y na coscienza y dess conviver coche fredesc.Emilia-Romagna (Bologna)No
46%
Duta la jent é nasciuda ledia y à la medema dignité y i medemi derc. Ei à na ment y na coscienza y dess conviver coche fredesc.Liguria (Genova)No
46%
Duta la jent é nasciuda ledia y à la medema dignité y i medemi derc. Ei à na ment y na coscienza y dess conviver coche fredesc.Sicilia (Palermo)No
46%
Tutti l'omini enno/ e' son na'i liberi e uguali in dignità e diritti. Gl(i)'enno/ E' son dota'i di ragione e di 'oscienza, e de'ano agì l'uni verso l'attri 'n ispirito di fratellanza.Basilicata (Potenza)No
45%
Tutti l'omini enno/ e' son na'i liberi e uguali in dignità e diritti. Gl(i)'enno/ E' son dota'i di ragione e di 'oscienza, e de'ano agì l'uni verso l'attri 'n ispirito di fratellanza.Campania (Napoli)No
45%
Tutti l'omini enno/ e' son na'i liberi e uguali in dignità e diritti. Gl(i)'enno/ E' son dota'i di ragione e di 'oscienza, e de'ano agì l'uni verso l'attri 'n ispirito di fratellanza.Emilia-Romagna (Bologna)No
45%
Tutti l'omini enno/ e' son na'i liberi e uguali in dignità e diritti. Gl(i)'enno/ E' son dota'i di ragione e di 'oscienza, e de'ano agì l'uni verso l'attri 'n ispirito di fratellanza.Puglia (Bari)No
45%
Duta la jent é nasciuda ledia y à la medema dignité y i medemi derc. Ei à na ment y na coscienza y dess conviver coche fredesc.Puglia (Bari)No
45%
Tutti l'omini enno/ e' son na'i liberi e uguali in dignità e diritti. Gl(i)'enno/ E' son dota'i di ragione e di 'oscienza, e de'ano agì l'uni verso l'attri 'n ispirito di fratellanza.Sardegna (Cagliari)No
45%
Duta la jent é nasciuda ledia y à la medema dignité y i medemi derc. Ei à na ment y na coscienza y dess conviver coche fredesc.Sardegna (Cagliari)No
45%
Tytti i ommi nàscian libberi e pægi in dignitæ e drîti. Sun dutæ de raxun e de cunscensa e dêvan agî i-yn versu i-âtri inte'n spirritu de fraternitæ.Trentino (Ladino)No
45%
Tytti i ommi nàscian libberi e pægi in dignitæ e drîti. Sun dutæ de raxun e de cunscensa e dêvan agî i-yn versu i-âtri inte'n spirritu de fraternitæ.Valle D'Aosta (Francoprovenzale)No
45%
Tutti l'omini enno/ e' son na'i liberi e uguali in dignità e diritti. Gl(i)'enno/ E' son dota'i di ragione e di 'oscienza, e de'ano agì l'uni verso l'attri 'n ispirito di fratellanza.Valle D'Aosta (Francoprovenzale)No
45%
Duta la jent é nasciuda ledia y à la medema dignité y i medemi derc. Ei à na ment y na coscienza y dess conviver coche fredesc.Veneto (Padova)No
45%
Tutti l'omini enno/ e' son na'i liberi e uguali in dignità e diritti. Gl(i)'enno/ E' son dota'i di ragione e di 'oscienza, e de'ano agì l'uni verso l'attri 'n ispirito di fratellanza.Veneto (Padova)No
45%
Duta la jent é nasciuda ledia y à la medema dignité y i medemi derc. Ei à na ment y na coscienza y dess conviver coche fredesc.Abruzzo (Pescara)No
44%
Duta la jent é nasciuda ledia y à la medema dignité y i medemi derc. Ei à na ment y na coscienza y dess conviver coche fredesc.Basilicata (Potenza)No
44%
Tutti l'omini enno/ e' son na'i liberi e uguali in dignità e diritti. Gl(i)'enno/ E' son dota'i di ragione e di 'oscienza, e de'ano agì l'uni verso l'attri 'n ispirito di fratellanza.Calabria (Catanzaro)No
44%
Duta la jent é nasciuda ledia y à la medema dignité y i medemi derc. Ei à na ment y na coscienza y dess conviver coche fredesc.Corsica (Corso meriodionale)No
44%
Tutti l'omini enno/ e' son na'i liberi e uguali in dignità e diritti. Gl(i)'enno/ E' son dota'i di ragione e di 'oscienza, e de'ano agì l'uni verso l'attri 'n ispirito di fratellanza.Croazia (Istria)No
44%
Duta la jent é nasciuda ledia y à la medema dignité y i medemi derc. Ei à na ment y na coscienza y dess conviver coche fredesc.Friuli (Friulano)No
44%
Tutti l'omini enno/ e' son na'i liberi e uguali in dignità e diritti. Gl(i)'enno/ E' son dota'i di ragione e di 'oscienza, e de'ano agì l'uni verso l'attri 'n ispirito di fratellanza.Friuli (Friulano)No
44%
Tùit j'uman a nasso lìber e uguaj për dignità e drit. A l'han na rason e na cossiensa e a l'han da comportesse j'un con j'àitr con ëspìrit ëd fradlansa.Lazio (Roma)No
44%
Tutti l'omini enno/ e' son na'i liberi e uguali in dignità e diritti. Gl(i)'enno/ E' son dota'i di ragione e di 'oscienza, e de'ano agì l'uni verso l'attri 'n ispirito di fratellanza.Liguria (Genova)No
44%
Tutti l'omini enno/ e' son na'i liberi e uguali in dignità e diritti. Gl(i)'enno/ E' son dota'i di ragione e di 'oscienza, e de'ano agì l'uni verso l'attri 'n ispirito di fratellanza.Piemonte (Torino)No
44%
Tutti l'omini enno/ e' son na'i liberi e uguali in dignità e diritti. Gl(i)'enno/ E' son dota'i di ragione e di 'oscienza, e de'ano agì l'uni verso l'attri 'n ispirito di fratellanza.Sicilia (Palermo)No
44%
Tutti l'omini enno/ e' son na'i liberi e uguali in dignità e diritti. Gl(i)'enno/ E' son dota'i di ragione e di 'oscienza, e de'ano agì l'uni verso l'attri 'n ispirito di fratellanza.Trentino (Ladino)No
44%
Dòuti i omi naso lèibari e cunpagni in dignità e diriti. Luri i uò la razon e la cusiensa e i uò da cunpurtase òun invierso l'altro cun spèirito da fradelansa.Veneto (Padova)No
44%
Tùit j'uman a nasso lìber e uguaj për dignità e drit. A l'han na rason e na cossiensa e a l'han da comportesse j'un con j'àitr con ëspìrit ëd fradlansa.Basilicata (Potenza)No
43%
Tùit j'uman a nasso lìber e uguaj për dignità e drit. A l'han na rason e na cossiensa e a l'han da comportesse j'un con j'àitr con ëspìrit ëd fradlansa.Calabria (Catanzaro)No
43%
Tùit j'uman a nasso lìber e uguaj për dignità e drit. A l'han na rason e na cossiensa e a l'han da comportesse j'un con j'àitr con ëspìrit ëd fradlansa.Campania (Napoli)No
43%
Tùit j'uman a nasso lìber e uguaj për dignità e drit. A l'han na rason e na cossiensa e a l'han da comportesse j'un con j'àitr con ëspìrit ëd fradlansa.Corsica (Corso meriodionale)No
43%
Tytti i ommi nàscian libberi e pægi in dignitæ e drîti. Sun dutæ de raxun e de cunscensa e dêvan agî i-yn versu i-âtri inte'n spirritu de fraternitæ.Croazia (Istria)No
43%
Tutti l'òmini nàscinu líbbiri e nnâ stissa manìera 'i l'àvutri pi ddignità e ddiritti. Iḍḍi ànnu ogn'unu u so cirivìeḍḍu pi raggiunari e ànn'a campàri unu cull’àvutru comu si ffussiru fràti râ stissa matri.Croazia (Istria)No
43%
Tutti l'òmini nàscinu líbbiri e nnâ stissa manìera 'i l'àvutri pi ddignità e ddiritti. Iḍḍi ànnu ogn'unu u so cirivìeḍḍu pi raggiunari e ànn'a campàri unu cull’àvutru comu si ffussiru fràti râ stissa matri.Emilia-Romagna (Bologna)No
43%
Tutti l'òmini nàscinu líbbiri e nnâ stissa manìera 'i l'àvutri pi ddignità e ddiritti. Iḍḍi ànnu ogn'unu u so cirivìeḍḍu pi raggiunari e ànn'a campàri unu cull’àvutru comu si ffussiru fràti râ stissa matri.Friuli (Friulano)No
43%
Tutti l'omini enno/ e' son na'i liberi e uguali in dignità e diritti. Gl(i)'enno/ E' son dota'i di ragione e di 'oscienza, e de'ano agì l'uni verso l'attri 'n ispirito di fratellanza.Lazio (Roma)No
43%
Tutti l'òmini nàscinu líbbiri e nnâ stissa manìera 'i l'àvutri pi ddignità e ddiritti. Iḍḍi ànnu ogn'unu u so cirivìeḍḍu pi raggiunari e ànn'a campàri unu cull’àvutru comu si ffussiru fràti râ stissa matri.Liguria (Genova)No
43%
Tutti l'òmini nàscinu líbbiri e nnâ stissa manìera 'i l'àvutri pi ddignità e ddiritti. Iḍḍi ànnu ogn'unu u so cirivìeḍḍu pi raggiunari e ànn'a campàri unu cull’àvutru comu si ffussiru fràti râ stissa matri.Lombardia (Milano)No
43%
Tutti l'omini enno/ e' son na'i liberi e uguali in dignità e diritti. Gl(i)'enno/ E' son dota'i di ragione e di 'oscienza, e de'ano agì l'uni verso l'attri 'n ispirito di fratellanza.Lombardia (Milano)No
43%
Tutti l'òmini nàscinu líbbiri e nnâ stissa manìera 'i l'àvutri pi ddignità e ddiritti. Iḍḍi ànnu ogn'unu u so cirivìeḍḍu pi raggiunari e ànn'a campàri unu cull’àvutru comu si ffussiru fràti râ stissa matri.Piemonte (Torino)No
43%
Tùit j'uman a nasso lìber e uguaj për dignità e drit. A l'han na rason e na cossiensa e a l'han da comportesse j'un con j'àitr con ëspìrit ëd fradlansa.Toscana (Firenze)No
43%
Tutti l'òmini nàscinu líbbiri e nnâ stissa manìera 'i l'àvutri pi ddignità e ddiritti. Iḍḍi ànnu ogn'unu u so cirivìeḍḍu pi raggiunari e ànn'a campàri unu cull’àvutru comu si ffussiru fràti râ stissa matri.Toscana (Firenze)No
43%
Tutti l'òmini nàscinu líbbiri e nnâ stissa manìera 'i l'àvutri pi ddignità e ddiritti. Iḍḍi ànnu ogn'unu u so cirivìeḍḍu pi raggiunari e ànn'a campàri unu cull’àvutru comu si ffussiru fràti râ stissa matri.Trentino (Ladino)No
43%
Tutti l'omini enno/ e' son na'i liberi e uguali in dignità e diritti. Gl(i)'enno/ E' son dota'i di ragione e di 'oscienza, e de'ano agì l'uni verso l'attri 'n ispirito di fratellanza.Umbria (Perugia)No
43%
Tutti l'òmini nàscinu líbbiri e nnâ stissa manìera 'i l'àvutri pi ddignità e ddiritti. Iḍḍi ànnu ogn'unu u so cirivìeḍḍu pi raggiunari e ànn'a campàri unu cull’àvutru comu si ffussiru fràti râ stissa matri.Valle D'Aosta (Francoprovenzale)No
43%
Duta la jent é nasciuda ledia y à la medema dignité y i medemi derc. Ei à na ment y na coscienza y dess conviver coche fredesc.Valle D'Aosta (Francoprovenzale)No
43%
Tutti l'òmini nàscinu líbbiri e nnâ stissa manìera 'i l'àvutri pi ddignità e ddiritti. Iḍḍi ànnu ogn'unu u so cirivìeḍḍu pi raggiunari e ànn'a campàri unu cull’àvutru comu si ffussiru fràti râ stissa matri.Veneto (Padova)No
43%
Tutti l'òmini nàscinu líbbiri e nnâ stissa manìera 'i l'àvutri pi ddignità e ddiritti. Iḍḍi ànnu ogn'unu u so cirivìeḍḍu pi raggiunari e ànn'a campàri unu cull’àvutru comu si ffussiru fràti râ stissa matri.Campania (Napoli)No
42%
Tutti l'òmini nàscinu líbbiri e nnâ stissa manìera 'i l'àvutri pi ddignità e ddiritti. Iḍḍi ànnu ogn'unu u so cirivìeḍḍu pi raggiunari e ànn'a campàri unu cull’àvutru comu si ffussiru fràti râ stissa matri.Lazio (Roma)No
42%
Tùit j'uman a nasso lìber e uguaj për dignità e drit. A l'han na rason e na cossiensa e a l'han da comportesse j'un con j'àitr con ëspìrit ëd fradlansa.Sardegna (Cagliari)No
42%
Tùit j'uman a nasso lìber e uguaj për dignità e drit. A l'han na rason e na cossiensa e a l'han da comportesse j'un con j'àitr con ëspìrit ëd fradlansa.Sicilia (Palermo)No
42%
Tutti l'òmini nàscinu líbbiri e nnâ stissa manìera 'i l'àvutri pi ddignità e ddiritti. Iḍḍi ànnu ogn'unu u so cirivìeḍḍu pi raggiunari e ànn'a campàri unu cull’àvutru comu si ffussiru fràti râ stissa matri.Umbria (Perugia)No
42%
Tùit j'uman a nasso lìber e uguaj për dignità e drit. A l'han na rason e na cossiensa e a l'han da comportesse j'un con j'àitr con ëspìrit ëd fradlansa.Umbria (Perugia)No
42%
Tutti l'òmini nàscinu líbbiri e nnâ stissa manìera 'i l'àvutri pi ddignità e ddiritti. Iḍḍi ànnu ogn'unu u so cirivìeḍḍu pi raggiunari e ànn'a campàri unu cull’àvutru comu si ffussiru fràti râ stissa matri.Abruzzo (Pescara)No
41%
Tutti l'omini enno/ e' son na'i liberi e uguali in dignità e diritti. Gl(i)'enno/ E' son dota'i di ragione e di 'oscienza, e de'ano agì l'uni verso l'attri 'n ispirito di fratellanza.Abruzzo (Pescara)No
41%
Tùit j'uman a nasso lìber e uguaj për dignità e drit. A l'han na rason e na cossiensa e a l'han da comportesse j'un con j'àitr con ëspìrit ëd fradlansa.Abruzzo (Pescara)No
41%
Tuis los étres humens nêssont libros et pariérs en dignitât et en drêts. Ils ant rêson et conscience et dêvont ag·ir los yons devérs les ôtros dens un èsprit de fratèrnitât.Basilicata (Potenza)No
41%
Tuis los étres humens nêssont libros et pariérs en dignitât et en drêts. Ils ant rêson et conscience et dêvont ag·ir los yons devérs les ôtros dens un èsprit de fratèrnitât.Calabria (Catanzaro)No
41%
Tutti l'omini enno/ e' son na'i liberi e uguali in dignità e diritti. Gl(i)'enno/ E' son dota'i di ragione e di 'oscienza, e de'ano agì l'uni verso l'attri 'n ispirito di fratellanza.Corsica (Corso meriodionale)No
41%
Tutti l'òmini nàscinu líbbiri e nnâ stissa manìera 'i l'àvutri pi ddignità e ddiritti. Iḍḍi ànnu ogn'unu u so cirivìeḍḍu pi raggiunari e ànn'a campàri unu cull’àvutru comu si ffussiru fràti râ stissa matri.Corsica (Corso meriodionale)No
41%
Duta la jent é nasciuda ledia y à la medema dignité y i medemi derc. Ei à na ment y na coscienza y dess conviver coche fredesc.Croazia (Istria)No
41%
Tùit j'uman a nasso lìber e uguaj për dignità e drit. A l'han na rason e na cossiensa e a l'han da comportesse j'un con j'àitr con ëspìrit ëd fradlansa.Croazia (Istria)No
41%
Tuis los étres humens nêssont libros et pariérs en dignitât et en drêts. Ils ant rêson et conscience et dêvont ag·ir los yons devérs les ôtros dens un èsprit de fratèrnitât.Emilia-Romagna (Bologna)No
41%
Tùit j'uman a nasso lìber e uguaj për dignità e drit. A l'han na rason e na cossiensa e a l'han da comportesse j'un con j'àitr con ëspìrit ëd fradlansa.Emilia-Romagna (Bologna)No
41%
Tuis los étres humens nêssont libros et pariérs en dignitât et en drêts. Ils ant rêson et conscience et dêvont ag·ir los yons devérs les ôtros dens un èsprit de fratèrnitât.Lazio (Roma)No
41%
Tuis los étres humens nêssont libros et pariérs en dignitât et en drêts. Ils ant rêson et conscience et dêvont ag·ir los yons devérs les ôtros dens un èsprit de fratèrnitât.Lombardia (Milano)No
41%
Tutti l'òmini nàscinu líbbiri e nnâ stissa manìera 'i l'àvutri pi ddignità e ddiritti. Iḍḍi ànnu ogn'unu u so cirivìeḍḍu pi raggiunari e ànn'a campàri unu cull’àvutru comu si ffussiru fràti râ stissa matri.Puglia (Bari)No
41%
Tuis los étres humens nêssont libros et pariérs en dignitât et en drêts. Ils ant rêson et conscience et dêvont ag·ir los yons devérs les ôtros dens un èsprit de fratèrnitât.Puglia (Bari)No
41%
Tùit j'uman a nasso lìber e uguaj për dignità e drit. A l'han na rason e na cossiensa e a l'han da comportesse j'un con j'àitr con ëspìrit ëd fradlansa.Puglia (Bari)No
41%
Tuis los étres humens nêssont libros et pariérs en dignitât et en drêts. Ils ant rêson et conscience et dêvont ag·ir los yons devérs les ôtros dens un èsprit de fratèrnitât.Sardegna (Cagliari)No
41%
Tuis los étres humens nêssont libros et pariérs en dignitât et en drêts. Ils ant rêson et conscience et dêvont ag·ir los yons devérs les ôtros dens un èsprit de fratèrnitât.Sicilia (Palermo)No
41%
Tuis los étres humens nêssont libros et pariérs en dignitât et en drêts. Ils ant rêson et conscience et dêvont ag·ir los yons devérs les ôtros dens un èsprit de fratèrnitât.Toscana (Firenze)No
41%
Tùit j'uman a nasso lìber e uguaj për dignità e drit. A l'han na rason e na cossiensa e a l'han da comportesse j'un con j'àitr con ëspìrit ëd fradlansa.Trentino (Ladino)No
41%
Tuis los étres humens nêssont libros et pariérs en dignitât et en drêts. Ils ant rêson et conscience et dêvont ag·ir los yons devérs les ôtros dens un èsprit de fratèrnitât.Umbria (Perugia)No
41%
Tùit j'uman a nasso lìber e uguaj për dignità e drit. A l'han na rason e na cossiensa e a l'han da comportesse j'un con j'àitr con ëspìrit ëd fradlansa.Valle D'Aosta (Francoprovenzale)No
41%
Tuis los étres humens nêssont libros et pariérs en dignitât et en drêts. Ils ant rêson et conscience et dêvont ag·ir los yons devérs les ôtros dens un èsprit de fratèrnitât.Veneto (Padova)No
41%
Tuis los étres humens nêssont libros et pariérs en dignitât et en drêts. Ils ant rêson et conscience et dêvont ag·ir los yons devérs les ôtros dens un èsprit de fratèrnitât.Abruzzo (Pescara)No
40%
Tutti l'òmini nàscinu líbbiri e nnâ stissa manìera 'i l'àvutri pi ddignità e ddiritti. Iḍḍi ànnu ogn'unu u so cirivìeḍḍu pi raggiunari e ànn'a campàri unu cull’àvutru comu si ffussiru fràti râ stissa matri.Basilicata (Potenza)No
40%
Tuis los étres humens nêssont libros et pariérs en dignitât et en drêts. Ils ant rêson et conscience et dêvont ag·ir los yons devérs les ôtros dens un èsprit de fratèrnitât.Campania (Napoli)No
40%
Tùit j'uman a nasso lìber e uguaj për dignità e drit. A l'han na rason e na cossiensa e a l'han da comportesse j'un con j'àitr con ëspìrit ëd fradlansa.Friuli (Friulano)No
40%
Tuis los étres humens nêssont libros et pariérs en dignitât et en drêts. Ils ant rêson et conscience et dêvont ag·ir los yons devérs les ôtros dens un èsprit de fratèrnitât.Liguria (Genova)No
40%
Tùit j'uman a nasso lìber e uguaj për dignità e drit. A l'han na rason e na cossiensa e a l'han da comportesse j'un con j'àitr con ëspìrit ëd fradlansa.Lombardia (Milano)No
40%
Tuis los étres humens nêssont libros et pariérs en dignitât et en drêts. Ils ant rêson et conscience et dêvont ag·ir los yons devérs les ôtros dens un èsprit de fratèrnitât.Piemonte (Torino)No
40%
Tuis los étres humens nêssont libros et pariérs en dignitât et en drêts. Ils ant rêson et conscience et dêvont ag·ir los yons devérs les ôtros dens un èsprit de fratèrnitât.Trentino (Ladino)No
40%
Tuis los étres humens nêssont libros et pariérs en dignitât et en drêts. Ils ant rêson et conscience et dêvont ag·ir los yons devérs les ôtros dens un èsprit de fratèrnitât.Croazia (Istria)No
39%
Tuis los étres humens nêssont libros et pariérs en dignitât et en drêts. Ils ant rêson et conscience et dêvont ag·ir los yons devérs les ôtros dens un èsprit de fratèrnitât.Friuli (Friulano)No
39%
Tùit j'uman a nasso lìber e uguaj për dignità e drit. A l'han na rason e na cossiensa e a l'han da comportesse j'un con j'àitr con ëspìrit ëd fradlansa.Liguria (Genova)No
39%
Tutti l'òmini nàscinu líbbiri e nnâ stissa manìera 'i l'àvutri pi ddignità e ddiritti. Iḍḍi ànnu ogn'unu u so cirivìeḍḍu pi raggiunari e ànn'a campàri unu cull’àvutru comu si ffussiru fràti râ stissa matri.Sardegna (Cagliari)No
39%
Tùit j'uman a nasso lìber e uguaj për dignità e drit. A l'han na rason e na cossiensa e a l'han da comportesse j'un con j'àitr con ëspìrit ëd fradlansa.Veneto (Padova)No
39%
Tuti i esar uman i nase libari e guaivi par dinjità e derìti. I ga ła raxón e cosiènsa e i ga da tratàrse intra de jori cofà fradełi.Basilicata (Potenza)No
38%
Tutti l'òmini nèscianu lìbberi e sunnu i stessi pe dignità e diritti; Ognunu ava u cerveddhu soi e a raggiuna e a cuscenza sua, e ava ma si cumporta cull'atri propriu comu si fhussèranu i frati soi.Basilicata (Potenza)No
38%
Tutti l'òmini nàscinu líbbiri e nnâ stissa manìera 'i l'àvutri pi ddignità e ddiritti. Iḍḍi ànnu ogn'unu u so cirivìeḍḍu pi raggiunari e ànn'a campàri unu cull’àvutru comu si ffussiru fràti râ stissa matri.Calabria (Catanzaro)No
38%
Tuti i esar uman i nase libari e guaivi par dinjità e derìti. I ga ła raxón e cosiènsa e i ga da tratàrse intra de jori cofà fradełi.Campania (Napoli)No
38%
Tuti i esar uman i nase libari e guaivi par dinjità e derìti. I ga ła raxón e cosiènsa e i ga da tratàrse intra de jori cofà fradełi.Corsica (Corso meriodionale)No
38%
Tùtte le crestiàne nàscene lìbbere e che le stèsse derìtte. Tènnene cervìdde e chescénze e s'hònne a chembertà ccóme ce fuéssere fràte iùne che l'alte.Croazia (Istria)No
38%
Tutti l'òmini nèscianu lìbberi e sunnu i stessi pe dignità e diritti; Ognunu ava u cerveddhu soi e a raggiuna e a cuscenza sua, e ava ma si cumporta cull'atri propriu comu si fhussèranu i frati soi.Croazia (Istria)No
38%
Tùtte le crestiàne nàscene lìbbere e che le stèsse derìtte. Tènnene cervìdde e chescénze e s'hònne a chembertà ccóme ce fuéssere fràte iùne che l'alte.Emilia-Romagna (Bologna)No
38%
Tutti l'òmini nèscianu lìbberi e sunnu i stessi pe dignità e diritti; Ognunu ava u cerveddhu soi e a raggiuna e a cuscenza sua, e ava ma si cumporta cull'atri propriu comu si fhussèranu i frati soi.Emilia-Romagna (Bologna)No
38%
Tutti l'òmini nèscianu lìbberi e sunnu i stessi pe dignità e diritti; Ognunu ava u cerveddhu soi e a raggiuna e a cuscenza sua, e ava ma si cumporta cull'atri propriu comu si fhussèranu i frati soi.Friuli (Friulano)No
38%
Tutti l'òmini nèscianu lìbberi e sunnu i stessi pe dignità e diritti; Ognunu ava u cerveddhu soi e a raggiuna e a cuscenza sua, e ava ma si cumporta cull'atri propriu comu si fhussèranu i frati soi.Lazio (Roma)No
38%
Tùtte le crestiàne nàscene lìbbere e che le stèsse derìtte. Tènnene cervìdde e chescénze e s'hònne a chembertà ccóme ce fuéssere fràte iùne che l'alte.Lazio (Roma)No
38%
Tùtte le crestiàne nàscene lìbbere e che le stèsse derìtte. Tènnene cervìdde e chescénze e s'hònne a chembertà ccóme ce fuéssere fràte iùne che l'alte.Liguria (Genova)No
38%
Tùtte le crestiàne nàscene lìbbere e che le stèsse derìtte. Tènnene cervìdde e chescénze e s'hònne a chembertà ccóme ce fuéssere fràte iùne che l'alte.Lombardia (Milano)No
38%
Tùtte le crestiàne nàscene lìbbere e che le stèsse derìtte. Tènnene cervìdde e chescénze e s'hònne a chembertà ccóme ce fuéssere fràte iùne che l'alte.Piemonte (Torino)No
38%
Tutti l'òmini nèscianu lìbberi e sunnu i stessi pe dignità e diritti; Ognunu ava u cerveddhu soi e a raggiuna e a cuscenza sua, e ava ma si cumporta cull'atri propriu comu si fhussèranu i frati soi.Piemonte (Torino)No
38%
Tuti i esar uman i nase libari e guaivi par dinjità e derìti. I ga ła raxón e cosiènsa e i ga da tratàrse intra de jori cofà fradełi.Puglia (Bari)No
38%
Tuti i esar uman i nase libari e guaivi par dinjità e derìti. I ga ła raxón e cosiènsa e i ga da tratàrse intra de jori cofà fradełi.Sicilia (Palermo)No
38%
Tùtte le crestiàne nàscene lìbbere e che le stèsse derìtte. Tènnene cervìdde e chescénze e s'hònne a chembertà ccóme ce fuéssere fràte iùne che l'alte.Toscana (Firenze)No
38%
Tutti l'òmini nèscianu lìbberi e sunnu i stessi pe dignità e diritti; Ognunu ava u cerveddhu soi e a raggiuna e a cuscenza sua, e ava ma si cumporta cull'atri propriu comu si fhussèranu i frati soi.Toscana (Firenze)No
38%
Tuti i esar uman i nase libari e guaivi par dinjità e derìti. I ga ła raxón e cosiènsa e i ga da tratàrse intra de jori cofà fradełi.Toscana (Firenze)No
38%
Tutti l'òmini nèscianu lìbberi e sunnu i stessi pe dignità e diritti; Ognunu ava u cerveddhu soi e a raggiuna e a cuscenza sua, e ava ma si cumporta cull'atri propriu comu si fhussèranu i frati soi.Trentino (Ladino)No
38%
Tùtte le crestiàne nàscene lìbbere e che le stèsse derìtte. Tènnene cervìdde e chescénze e s'hònne a chembertà ccóme ce fuéssere fràte iùne che l'alte.Trentino (Ladino)No
38%
Tuti i esar uman i nase libari e guaivi par dinjità e derìti. I ga ła raxón e cosiènsa e i ga da tratàrse intra de jori cofà fradełi.Umbria (Perugia)No
38%
Tutti l'òmini nèscianu lìbberi e sunnu i stessi pe dignità e diritti; Ognunu ava u cerveddhu soi e a raggiuna e a cuscenza sua, e ava ma si cumporta cull'atri propriu comu si fhussèranu i frati soi.Valle D'Aosta (Francoprovenzale)No
38%
Tùtte le crestiàne nàscene lìbbere e che le stèsse derìtte. Tènnene cervìdde e chescénze e s'hònne a chembertà ccóme ce fuéssere fràte iùne che l'alte.Valle D'Aosta (Francoprovenzale)No
38%
Tuti i esar uman i nase libari e guaivi par dinjità e derìti. I ga ła raxón e cosiènsa e i ga da tratàrse intra de jori cofà fradełi.Valle D'Aosta (Francoprovenzale)No
38%
Tùtte le crestiàne nàscene lìbbere e che le stèsse derìtte. Tènnene cervìdde e chescénze e s'hònne a chembertà ccóme ce fuéssere fràte iùne che l'alte.Veneto (Padova)No
38%
Tutti j'omi nascon liberi e uguèli ntla dignità e nti diritte. Loraltre en dotèti de comprendonio, de crianza e hòn da gì j'uni verso j'altre ntno spirto de fratellanza.Campania (Napoli)No
37%
Tùtte le crestiàne nàscene lìbbere e che le stèsse derìtte. Tènnene cervìdde e chescénze e s'hònne a chembertà ccóme ce fuéssere fràte iùne che l'alte.Corsica (Corso meriodionale)No
37%
Tutti li cristïane nàscene lìbbere e uhuàle nela dignetà e nili diritte. Isse tènne la raggióne e la cusciènze e 'nghi lu spirete de frattellanze hann'à pinzà l'une all'itre.Friuli (Friulano)No
37%
Tuti i esar uman i nase libari e guaivi par dinjità e derìti. I ga ła raxón e cosiènsa e i ga da tratàrse intra de jori cofà fradełi.Lazio (Roma)No
37%
Tutti li cristïane nàscene lìbbere e uhuàle nela dignetà e nili diritte. Isse tènne la raggióne e la cusciènze e 'nghi lu spirete de frattellanze hann'à pinzà l'une all'itre.Liguria (Genova)No
37%
Tutti l'òmini nèscianu lìbberi e sunnu i stessi pe dignità e diritti; Ognunu ava u cerveddhu soi e a raggiuna e a cuscenza sua, e ava ma si cumporta cull'atri propriu comu si fhussèranu i frati soi.Lombardia (Milano)No
37%
Tutti li cristïane nàscene lìbbere e uhuàle nela dignetà e nili diritte. Isse tènne la raggióne e la cusciènze e 'nghi lu spirete de frattellanze hann'à pinzà l'une all'itre.Lombardia (Milano)No
37%
Tuti i esar uman i nase libari e guaivi par dinjità e derìti. I ga ła raxón e cosiènsa e i ga da tratàrse intra de jori cofà fradełi.Sardegna (Cagliari)No
37%
Tutti j'omi nascon liberi e uguèli ntla dignità e nti diritte. Loraltre en dotèti de comprendonio, de crianza e hòn da gì j'uni verso j'altre ntno spirto de fratellanza.Valle D'Aosta (Francoprovenzale)No
37%
Tutti l'òmini nèscianu lìbberi e sunnu i stessi pe dignità e diritti; Ognunu ava u cerveddhu soi e a raggiuna e a cuscenza sua, e ava ma si cumporta cull'atri propriu comu si fhussèranu i frati soi.Veneto (Padova)No
37%
Tuti i esar uman i nase libari e guaivi par dinjità e derìti. I ga ła raxón e cosiènsa e i ga da tratàrse intra de jori cofà fradełi.Calabria (Catanzaro)No
36%
Tutti l'òmini nèscianu lìbberi e sunnu i stessi pe dignità e diritti; Ognunu ava u cerveddhu soi e a raggiuna e a cuscenza sua, e ava ma si cumporta cull'atri propriu comu si fhussèranu i frati soi.Campania (Napoli)No
36%
Tutti l'òmini nèscianu lìbberi e sunnu i stessi pe dignità e diritti; Ognunu ava u cerveddhu soi e a raggiuna e a cuscenza sua, e ava ma si cumporta cull'atri propriu comu si fhussèranu i frati soi.Corsica (Corso meriodionale)No
36%
Tutti j'omi nascon liberi e uguèli ntla dignità e nti diritte. Loraltre en dotèti de comprendonio, de crianza e hòn da gì j'uni verso j'altre ntno spirto de fratellanza.Corsica (Corso meriodionale)No
36%
Tutti li cristïane nàscene lìbbere e uhuàle nela dignetà e nili diritte. Isse tènne la raggióne e la cusciènze e 'nghi lu spirete de frattellanze hann'à pinzà l'une all'itre.Croazia (Istria)No
36%
Tùtte le crestiàne nàscene lìbbere e che le stèsse derìtte. Tènnene cervìdde e chescénze e s'hònne a chembertà ccóme ce fuéssere fràte iùne che l'alte.Friuli (Friulano)No
36%
Tutti li cristïane nàscene lìbbere e uhuàle nela dignetà e nili diritte. Isse tènne la raggióne e la cusciènze e 'nghi lu spirete de frattellanze hann'à pinzà l'une all'itre.Lazio (Roma)No
36%
Tutti j'omi nascon liberi e uguèli ntla dignità e nti diritte. Loraltre en dotèti de comprendonio, de crianza e hòn da gì j'uni verso j'altre ntno spirto de fratellanza.Lazio (Roma)No
36%
Tutti j'omi nascon liberi e uguèli ntla dignità e nti diritte. Loraltre en dotèti de comprendonio, de crianza e hòn da gì j'uni verso j'altre ntno spirto de fratellanza.Liguria (Genova)No
36%
Tutti l'òmini nèscianu lìbberi e sunnu i stessi pe dignità e diritti; Ognunu ava u cerveddhu soi e a raggiuna e a cuscenza sua, e ava ma si cumporta cull'atri propriu comu si fhussèranu i frati soi.Liguria (Genova)No
36%
Tuti i esar uman i nase libari e guaivi par dinjità e derìti. I ga ła raxón e cosiènsa e i ga da tratàrse intra de jori cofà fradełi.Lombardia (Milano)No
36%
Tutti j'omi nascon liberi e uguèli ntla dignità e nti diritte. Loraltre en dotèti de comprendonio, de crianza e hòn da gì j'uni verso j'altre ntno spirto de fratellanza.Lombardia (Milano)No
36%
Tutti li cristïane nàscene lìbbere e uhuàle nela dignetà e nili diritte. Isse tènne la raggióne e la cusciènze e 'nghi lu spirete de frattellanze hann'à pinzà l'une all'itre.Piemonte (Torino)No
36%
Tuti i esar uman i nase libari e guaivi par dinjità e derìti. I ga ła raxón e cosiènsa e i ga da tratàrse intra de jori cofà fradełi.Piemonte (Torino)No
36%
Tutti l'òmini nèscianu lìbberi e sunnu i stessi pe dignità e diritti; Ognunu ava u cerveddhu soi e a raggiuna e a cuscenza sua, e ava ma si cumporta cull'atri propriu comu si fhussèranu i frati soi.Puglia (Bari)No
36%
Tutti li cristïane nàscene lìbbere e uhuàle nela dignetà e nili diritte. Isse tènne la raggióne e la cusciènze e 'nghi lu spirete de frattellanze hann'à pinzà l'une all'itre.Sardegna (Cagliari)No
36%
Tùtte le crestiàne nàscene lìbbere e che le stèsse derìtte. Tènnene cervìdde e chescénze e s'hònne a chembertà ccóme ce fuéssere fràte iùne che l'alte.Sardegna (Cagliari)No
36%
Tutti j'omi nascon liberi e uguèli ntla dignità e nti diritte. Loraltre en dotèti de comprendonio, de crianza e hòn da gì j'uni verso j'altre ntno spirto de fratellanza.Sardegna (Cagliari)No
36%
Tutti li cristïane nàscene lìbbere e uhuàle nela dignetà e nili diritte. Isse tènne la raggióne e la cusciènze e 'nghi lu spirete de frattellanze hann'à pinzà l'une all'itre.Sicilia (Palermo)No
36%
Tutti li cristïane nàscene lìbbere e uhuàle nela dignetà e nili diritte. Isse tènne la raggióne e la cusciènze e 'nghi lu spirete de frattellanze hann'à pinzà l'une all'itre.Toscana (Firenze)No
36%
Tutti j'omi nascon liberi e uguèli ntla dignità e nti diritte. Loraltre en dotèti de comprendonio, de crianza e hòn da gì j'uni verso j'altre ntno spirto de fratellanza.Toscana (Firenze)No
36%
Tutti li cristïane nàscene lìbbere e uhuàle nela dignetà e nili diritte. Isse tènne la raggióne e la cusciènze e 'nghi lu spirete de frattellanze hann'à pinzà l'une all'itre.Trentino (Ladino)No
36%
Tuti i esar uman i nase libari e guaivi par dinjità e derìti. I ga ła raxón e cosiènsa e i ga da tratàrse intra de jori cofà fradełi.Trentino (Ladino)No
36%
Tùtte le crestiàne nàscene lìbbere e che le stèsse derìtte. Tènnene cervìdde e chescénze e s'hònne a chembertà ccóme ce fuéssere fràte iùne che l'alte.Umbria (Perugia)No
36%
Tutti l'òmini nèscianu lìbberi e sunnu i stessi pe dignità e diritti; Ognunu ava u cerveddhu soi e a raggiuna e a cuscenza sua, e ava ma si cumporta cull'atri propriu comu si fhussèranu i frati soi.Umbria (Perugia)No
36%
Tutti li cristïane nàscene lìbbere e uhuàle nela dignetà e nili diritte. Isse tènne la raggióne e la cusciènze e 'nghi lu spirete de frattellanze hann'à pinzà l'une all'itre.Valle D'Aosta (Francoprovenzale)No
36%
Tutti li cristïane nàscene lìbbere e uhuàle nela dignetà e nili diritte. Isse tènne la raggióne e la cusciènze e 'nghi lu spirete de frattellanze hann'à pinzà l'une all'itre.Veneto (Padova)No
36%
Tuti i esar uman i nase libari e guaivi par dinjità e derìti. I ga ła raxón e cosiènsa e i ga da tratàrse intra de jori cofà fradełi.Abruzzo (Pescara)No
35%
Tutti li cristïane nàscene lìbbere e uhuàle nela dignetà e nili diritte. Isse tènne la raggióne e la cusciènze e 'nghi lu spirete de frattellanze hann'à pinzà l'une all'itre.Corsica (Corso meriodionale)No
35%
Tuti i esar uman i nase libari e guaivi par dinjità e derìti. I ga ła raxón e cosiènsa e i ga da tratàrse intra de jori cofà fradełi.Emilia-Romagna (Bologna)No
35%
Tutti j'omi nascon liberi e uguèli ntla dignità e nti diritte. Loraltre en dotèti de comprendonio, de crianza e hòn da gì j'uni verso j'altre ntno spirto de fratellanza.Emilia-Romagna (Bologna)No
35%
Tutti li cristïane nàscene lìbbere e uhuàle nela dignetà e nili diritte. Isse tènne la raggióne e la cusciènze e 'nghi lu spirete de frattellanze hann'à pinzà l'une all'itre.Emilia-Romagna (Bologna)No
35%
Tuti i esar uman i nase libari e guaivi par dinjità e derìti. I ga ła raxón e cosiènsa e i ga da tratàrse intra de jori cofà fradełi.Friuli (Friulano)No
35%
Tutti j'omi nascon liberi e uguèli ntla dignità e nti diritte. Loraltre en dotèti de comprendonio, de crianza e hòn da gì j'uni verso j'altre ntno spirto de fratellanza.Friuli (Friulano)No
35%
Nascini tutti l'omi libari è pari di dignità è di diritti. Ani a raghjoni è a cuscenza è li tocca à agiscia trà iddi di modu fraternu.Lazio (Roma)No
35%
Nascini tutti l'omi libari è pari di dignità è di diritti. Ani a raghjoni è a cuscenza è li tocca à agiscia trà iddi di modu fraternu.Liguria (Genova)No
35%
Tuti i esar uman i nase libari e guaivi par dinjità e derìti. I ga ła raxón e cosiènsa e i ga da tratàrse intra de jori cofà fradełi.Liguria (Genova)No
35%
Nascini tutti l'omi libari è pari di dignità è di diritti. Ani a raghjoni è a cuscenza è li tocca à agiscia trà iddi di modu fraternu.Piemonte (Torino)No
35%
Tutti j'omi nascon liberi e uguèli ntla dignità e nti diritte. Loraltre en dotèti de comprendonio, de crianza e hòn da gì j'uni verso j'altre ntno spirto de fratellanza.Sicilia (Palermo)No
35%
Nascini tutti l'omi libari è pari di dignità è di diritti. Ani a raghjoni è a cuscenza è li tocca à agiscia trà iddi di modu fraternu.Toscana (Firenze)No
35%
Tutti j'omi nascon liberi e uguèli ntla dignità e nti diritte. Loraltre en dotèti de comprendonio, de crianza e hòn da gì j'uni verso j'altre ntno spirto de fratellanza.Trentino (Ladino)No
35%
Nascini tutti l'omi libari è pari di dignità è di diritti. Ani a raghjoni è a cuscenza è li tocca à agiscia trà iddi di modu fraternu.Trentino (Ladino)No
35%
Tutti li cristïane nàscene lìbbere e uhuàle nela dignetà e nili diritte. Isse tènne la raggióne e la cusciènze e 'nghi lu spirete de frattellanze hann'à pinzà l'une all'itre.Umbria (Perugia)No
35%
Nascini tutti l'omi libari è pari di dignità è di diritti. Ani a raghjoni è a cuscenza è li tocca à agiscia trà iddi di modu fraternu.Veneto (Padova)No
35%
Tutti j'omi nascon liberi e uguèli ntla dignità e nti diritte. Loraltre en dotèti de comprendonio, de crianza e hòn da gì j'uni verso j'altre ntno spirto de fratellanza.Veneto (Padova)No
35%
Tutti l'òmini nèscianu lìbberi e sunnu i stessi pe dignità e diritti; Ognunu ava u cerveddhu soi e a raggiuna e a cuscenza sua, e ava ma si cumporta cull'atri propriu comu si fhussèranu i frati soi.Abruzzo (Pescara)No
34%
Tutti j'omi nascon liberi e uguèli ntla dignità e nti diritte. Loraltre en dotèti de comprendonio, de crianza e hòn da gì j'uni verso j'altre ntno spirto de fratellanza.Abruzzo (Pescara)No
34%
Tùtte le crestiàne nàscene lìbbere e che le stèsse derìtte. Tènnene cervìdde e chescénze e s'hònne a chembertà ccóme ce fuéssere fràte iùne che l'alte.Basilicata (Potenza)No
34%
Tutti j'omi nascon liberi e uguèli ntla dignità e nti diritte. Loraltre en dotèti de comprendonio, de crianza e hòn da gì j'uni verso j'altre ntno spirto de fratellanza.Basilicata (Potenza)No
34%
Tutti li cristïane nàscene lìbbere e uhuàle nela dignetà e nili diritte. Isse tènne la raggióne e la cusciènze e 'nghi lu spirete de frattellanze hann'à pinzà l'une all'itre.Calabria (Catanzaro)No
34%
Nascini tutti l'omi libari è pari di dignità è di diritti. Ani a raghjoni è a cuscenza è li tocca à agiscia trà iddi di modu fraternu.Campania (Napoli)No
34%
Tùtte le crestiàne nàscene lìbbere e che le stèsse derìtte. Tènnene cervìdde e chescénze e s'hònne a chembertà ccóme ce fuéssere fràte iùne che l'alte.Campania (Napoli)No
34%
Tutte 'e cristiane nascene libbere e euale pe degnetà e jusse; tenene cereviello e cuscienza e hann'a faticà ll'une cu ll'ate cu nu spireto 'e fraternetà.Campania (Napoli)
34%
Tuti i esar uman i nase libari e guaivi par dinjità e derìti. I ga ła raxón e cosiènsa e i ga da tratàrse intra de jori cofà fradełi.Croazia (Istria)No
34%
Tutti j'omi nascon liberi e uguèli ntla dignità e nti diritte. Loraltre en dotèti de comprendonio, de crianza e hòn da gì j'uni verso j'altre ntno spirto de fratellanza.Croazia (Istria)No
34%
Nascini tutti l'omi libari è pari di dignità è di diritti. Ani a raghjoni è a cuscenza è li tocca à agiscia trà iddi di modu fraternu.Emilia-Romagna (Bologna)No
34%
Tutti li cristiàni nascëno liberi n'ta dignitatë e dirìtti. S'u addùtati di r'agiùne e d'a cosciënza e s'ànna cumpurtanë l'unu c'u l'ati, c'unù spirito di fràti.Friuli (Friulano)No
34%
Nascini tutti l'omi libari è pari di dignità è di diritti. Ani a raghjoni è a cuscenza è li tocca à agiscia trà iddi di modu fraternu.Friuli (Friulano)No
34%
Tutti li cristiàni nascëno liberi n'ta dignitatë e dirìtti. S'u addùtati di r'agiùne e d'a cosciënza e s'ànna cumpurtanë l'unu c'u l'ati, c'unù spirito di fràti.Lazio (Roma)No
34%
Tutti li cristiàni nascëno liberi n'ta dignitatë e dirìtti. S'u addùtati di r'agiùne e d'a cosciënza e s'ànna cumpurtanë l'unu c'u l'ati, c'unù spirito di fràti.Lombardia (Milano)No
34%
Nascini tutti l'omi libari è pari di dignità è di diritti. Ani a raghjoni è a cuscenza è li tocca à agiscia trà iddi di modu fraternu.Lombardia (Milano)No
34%
Tutti j'omi nascon liberi e uguèli ntla dignità e nti diritte. Loraltre en dotèti de comprendonio, de crianza e hòn da gì j'uni verso j'altre ntno spirto de fratellanza.Piemonte (Torino)No
34%
Tutti j'omi nascon liberi e uguèli ntla dignità e nti diritte. Loraltre en dotèti de comprendonio, de crianza e hòn da gì j'uni verso j'altre ntno spirto de fratellanza.Puglia (Bari)No
34%
Tùtte le crestiàne nàscene lìbbere e che le stèsse derìtte. Tènnene cervìdde e chescénze e s'hònne a chembertà ccóme ce fuéssere fràte iùne che l'alte.Sicilia (Palermo)No
34%
Tutti li cristiàni nascëno liberi n'ta dignitatë e dirìtti. S'u addùtati di r'agiùne e d'a cosciënza e s'ànna cumpurtanë l'unu c'u l'ati, c'unù spirito di fràti.Toscana (Firenze)No
34%
Nascini tutti l'omi libari è pari di dignità è di diritti. Ani a raghjoni è a cuscenza è li tocca à agiscia trà iddi di modu fraternu.Umbria (Perugia)No
34%
Nascini tutti l'omi libari è pari di dignità è di diritti. Ani a raghjoni è a cuscenza è li tocca à agiscia trà iddi di modu fraternu.Valle D'Aosta (Francoprovenzale)No
34%
Tutti li cristiàni nascëno liberi n'ta dignitatë e dirìtti. S'u addùtati di r'agiùne e d'a cosciënza e s'ànna cumpurtanë l'unu c'u l'ati, c'unù spirito di fràti.Valle D'Aosta (Francoprovenzale)No
34%
Tutti li cristiàni nascëno liberi n'ta dignitatë e dirìtti. S'u addùtati di r'agiùne e d'a cosciënza e s'ànna cumpurtanë l'unu c'u l'ati, c'unù spirito di fràti.Veneto (Padova)No
34%
Tutti j'omi nascon liberi e uguèli ntla dignità e nti diritte. Loraltre en dotèti de comprendonio, de crianza e hòn da gì j'uni verso j'altre ntno spirto de fratellanza.Calabria (Catanzaro)No
33%
Tùtte le crestiàne nàscene lìbbere e che le stèsse derìtte. Tènnene cervìdde e chescénze e s'hònne a chembertà ccóme ce fuéssere fràte iùne che l'alte.Calabria (Catanzaro)No
33%
Tutti li cristïane nàscene lìbbere e uhuàle nela dignetà e nili diritte. Isse tènne la raggióne e la cusciènze e 'nghi lu spirete de frattellanze hann'à pinzà l'une all'itre.Campania (Napoli)No
33%
Tutti li cristiàni nascëno liberi n'ta dignitatë e dirìtti. S'u addùtati di r'agiùne e d'a cosciënza e s'ànna cumpurtanë l'unu c'u l'ati, c'unù spirito di fràti.Liguria (Genova)No
33%
Tutti li cristiàni nascëno liberi n'ta dignitatë e dirìtti. S'u addùtati di r'agiùne e d'a cosciënza e s'ànna cumpurtanë l'unu c'u l'ati, c'unù spirito di fràti.Piemonte (Torino)No
33%
Tutti li cristiàni nascëno liberi n'ta dignitatë e dirìtti. S'u addùtati di r'agiùne e d'a cosciënza e s'ànna cumpurtanë l'unu c'u l'ati, c'unù spirito di fràti.Puglia (Bari)No
33%
Tutti li cristiàni nascëno liberi n'ta dignitatë e dirìtti. S'u addùtati di r'agiùne e d'a cosciënza e s'ànna cumpurtanë l'unu c'u l'ati, c'unù spirito di fràti.Trentino (Ladino)No
33%
Nascini tutti l'omi libari è pari di dignità è di diritti. Ani a raghjoni è a cuscenza è li tocca à agiscia trà iddi di modu fraternu.Abruzzo (Pescara)No
32%
Tuis los étres humens nêssont libros et pariérs en dignitât et en drêts. Ils ant rêson et conscience et dêvont ag·ir los yons devérs les ôtros dens un èsprit de fratèrnitât.Corsica (Corso meriodionale)No
32%
Tutti li cristiàni nascëno liberi n'ta dignitatë e dirìtti. S'u addùtati di r'agiùne e d'a cosciënza e s'ànna cumpurtanë l'unu c'u l'ati, c'unù spirito di fràti.Corsica (Corso meriodionale)No
32%
Tutti li cristiàni nascëno liberi n'ta dignitatë e dirìtti. S'u addùtati di r'agiùne e d'a cosciënza e s'ànna cumpurtanë l'unu c'u l'ati, c'unù spirito di fràti.Croazia (Istria)No
32%
Tutti li cristiàni nascëno liberi n'ta dignitatë e dirìtti. S'u addùtati di r'agiùne e d'a cosciënza e s'ànna cumpurtanë l'unu c'u l'ati, c'unù spirito di fràti.Emilia-Romagna (Bologna)No
32%
Nascini tutti l'omi libari è pari di dignità è di diritti. Ani a raghjoni è a cuscenza è li tocca à agiscia trà iddi di modu fraternu.Puglia (Bari)No
32%
Tutti li cristiàni nascëno liberi n'ta dignitatë e dirìtti. S'u addùtati di r'agiùne e d'a cosciënza e s'ànna cumpurtanë l'unu c'u l'ati, c'unù spirito di fràti.Sardegna (Cagliari)No
32%
Nascini tutti l'omi libari è pari di dignità è di diritti. Ani a raghjoni è a cuscenza è li tocca à agiscia trà iddi di modu fraternu.Sicilia (Palermo)No
32%
Nascini tutti l'omi libari è pari di dignità è di diritti. Ani a raghjoni è a cuscenza è li tocca à agiscia trà iddi di modu fraternu.Calabria (Catanzaro)No
31%
Nascini tutti l'omi libari è pari di dignità è di diritti. Ani a raghjoni è a cuscenza è li tocca à agiscia trà iddi di modu fraternu.Corsica (Corso meriodionale)No
31%
Tutti li cristïane nàscene lìbbere e uhuàle nela dignetà e nili diritte. Isse tènne la raggióne e la cusciènze e 'nghi lu spirete de frattellanze hann'à pinzà l'une all'itre.Puglia (Bari)No
31%
Nascini tutti l'omi libari è pari di dignità è di diritti. Ani a raghjoni è a cuscenza è li tocca à agiscia trà iddi di modu fraternu.Sardegna (Cagliari)No
31%
Tutti l'òmini nèscianu lìbberi e sunnu i stessi pe dignità e diritti; Ognunu ava u cerveddhu soi e a raggiuna e a cuscenza sua, e ava ma si cumporta cull'atri propriu comu si fhussèranu i frati soi.Sardegna (Cagliari)No
31%
Tutti l'òmini nèscianu lìbberi e sunnu i stessi pe dignità e diritti; Ognunu ava u cerveddhu soi e a raggiuna e a cuscenza sua, e ava ma si cumporta cull'atri propriu comu si fhussèranu i frati soi.Sicilia (Palermo)No
31%
Tutti li cristiàni nascëno liberi n'ta dignitatë e dirìtti. S'u addùtati di r'agiùne e d'a cosciënza e s'ànna cumpurtanë l'unu c'u l'ati, c'unù spirito di fràti.Sicilia (Palermo)No
31%
Tutti li cristiàni nascëno liberi n'ta dignitatë e dirìtti. S'u addùtati di r'agiùne e d'a cosciënza e s'ànna cumpurtanë l'unu c'u l'ati, c'unù spirito di fràti.Umbria (Perugia)No
31%
Tutti li cristiàni nascëno liberi n'ta dignitatë e dirìtti. S'u addùtati di r'agiùne e d'a cosciënza e s'ànna cumpurtanë l'unu c'u l'ati, c'unù spirito di fràti.Abruzzo (Pescara)No
30%
Nascini tutti l'omi libari è pari di dignità è di diritti. Ani a raghjoni è a cuscenza è li tocca à agiscia trà iddi di modu fraternu.Basilicata (Potenza)No
30%
Tutti li cristïane nàscene lìbbere e uhuàle nela dignetà e nili diritte. Isse tènne la raggióne e la cusciènze e 'nghi lu spirete de frattellanze hann'à pinzà l'une all'itre.Basilicata (Potenza)No
30%
Tutti li cristiàni nascëno liberi n'ta dignitatë e dirìtti. S'u addùtati di r'agiùne e d'a cosciënza e s'ànna cumpurtanë l'unu c'u l'ati, c'unù spirito di fràti.Calabria (Catanzaro)No
30%
Tutti li cristiàni nascëno liberi n'ta dignitatë e dirìtti. S'u addùtati di r'agiùne e d'a cosciënza e s'ànna cumpurtanë l'unu c'u l'ati, c'unù spirito di fràti.Campania (Napoli)No
30%
Tùtte le crestiàne nàscene lìbbere e che le stèsse derìtte. Tènnene cervìdde e chescénze e s'hònne a chembertà ccóme ce fuéssere fràte iùne che l'alte.Abruzzo (Pescara)No
28%
Tuis los étres humens nêssont libros et pariérs en dignitât et en drêts. Ils ant rêson et conscience et dêvont ag·ir los yons devérs les ôtros dens un èsprit de fratèrnitât.Valle D'Aosta (Francoprovenzale)
22%
Tutti l'omini enno/ e' son na'i liberi e uguali in dignità e diritti. Gl(i)'enno/ E' son dota'i di ragione e di 'oscienza, e de'ano agì l'uni verso l'attri 'n ispirito di fratellanza.Toscana (Firenze)
21%
Tutt'e crâture umane nàscheno lìbbere e uguali 'n dignità e diritti. Capaci come so' de raggione e de coscenza, hanno da comportasse l'une coll'antre 'n spìrito de fratellanza.Lazio (Roma)
20%
Tutti l'òmini nàscinu líbbiri e nnâ stissa manìera 'i l'àvutri pi ddignità e ddiritti. Iḍḍi ànnu ogn'unu u so cirivìeḍḍu pi raggiunari e ànn'a campàri unu cull’àvutru comu si ffussiru fràti râ stissa matri.Sicilia (Palermo)
20%
Totu sos èsseres umanos naschint lìberos e eguales in dinnidade e in deretos. Issos tenent sa resone e sa cussèntzia e depent operare s'unu cun s'àteru cun ispìritu de fraternidade.Sardegna (Cagliari)
19%
Tuti i esar uman i nase libari e guaivi par dinjità e derìti. I ga ła raxón e cosiènsa e i ga da tratàrse intra de jori cofà fradełi.Veneto (Padova)
14%
Tucc i òmm nàssen liber e tucc istess per dignitaa e diritt. Gh'hann giudizi e coscienza e gh'hann de tratass 'me fradej.Lombardia (Milano)
11%
Dòuti i omi naso lèibari e cunpagni in dignità e diriti. Luri i uò la razon e la cusiensa e i uò da cunpurtase òun invierso l'altro cun spèirito da fradelansa.Friuli (Friulano)
9%
Tutti l'òmini nèscianu lìbberi e sunnu i stessi pe dignità e diritti; Ognunu ava u cerveddhu soi e a raggiuna e a cuscenza sua, e ava ma si cumporta cull'atri propriu comu si fhussèranu i frati soi.Calabria (Catanzaro)
8%
Duta la jent é nasciuda ledia y à la medema dignité y i medemi derc. Ei à na ment y na coscienza y dess conviver coche fredesc.Trentino (Ladino)
6%
Tytti i ommi nàscian libberi e pægi in dignitæ e drîti. Sun dutæ de raxun e de cunscensa e dêvan agî i-yn versu i-âtri inte'n spirritu de fraternitæ.Liguria (Genova)
5%
Tutti li cristïane nàscene lìbbere e uhuàle nela dignetà e nili diritte. Isse tènne la raggióne e la cusciènze e 'nghi lu spirete de frattellanze hann'à pinzà l'une all'itre.Abruzzo (Pescara)
4%
Tutti li cristiàni nascëno liberi n'ta dignitatë e dirìtti. S'u addùtati di r'agiùne e d'a cosciënza e s'ànna cumpurtanë l'unu c'u l'ati, c'unù spirito di fràti.Basilicata (Potenza)
4%
Tótt i èser umàn i nâsen lébber e prezîṡ in dgnitè e dirétt. I an la raṡån e la cusiänza e i s an da cunpurtèr ón con cl èter cunpâgna di bón fradî.Corsica (Corso meriodionale)
4%
Ducj i oms a nassin libars e compagns sicu dignitât e derits. A àn sintiment e cussience e scugne che a si cjatin un cun chel altri sicu fradis.Emilia-Romagna (Bologna)
3%
Tùit j'uman a nasso lìber e uguaj për dignità e drit. A l'han na rason e na cossiensa e a l'han da comportesse j'un con j'àitr con ëspìrit ëd fradlansa.Piemonte (Torino)
3%
Tùtte le crestiàne nàscene lìbbere e che le stèsse derìtte. Tènnene cervìdde e chescénze e s'hònne a chembertà ccóme ce fuéssere fràte iùne che l'alte.Puglia (Bari)
3%
Tutti j'omi nascon liberi e uguèli ntla dignità e nti diritte. Loraltre en dotèti de comprendonio, de crianza e hòn da gì j'uni verso j'altre ntno spirto de fratellanza.Umbria (Perugia)
3%
Nascini tutti l'omi libari è pari di dignità è di diritti. Ani a raghjoni è a cuscenza è li tocca à agiscia trà iddi di modu fraternu.Croazia (Istria)
1%

Distribuzione punteggi

Percentile per numero di risposta

Percentuale di utenti per punteggio

I tuoi punteggi nel tempo

Non hai fatto questo quiz